000
00318nam a22001457a 4500
020
_a
81-920935-5-7
082
_a
658.3
_b
DES
100
_a
DESHNUKH, SUNANNA
245
_a
HOTEL MAINTENANCE
260
_a
DELHI
_b
NAMAN
_c
2011
300
_a
306
650
_a
HOTEL MANAGEMENT
653
_a
MAINTENANCE
942
_2
ddc
_c
BK
999
_c
8046
_d
8046